000 00592nam a2200229Ia 4500
003 OSt
005 20230503114432.0
008 210423s2002 xx 000 0 und d
020 _a8120407989
040 _cAL
041 _aeng
082 _a574.2326 NENY
100 _aNENE (Y L);THAPLIYAL (P N).
_996940
245 _aFungicides in plant disease control.
250 _a3
260 _aNew Delhi
_bOxford University Press
_c2002
300 _ax,691
_bPB
365 _b460
_cINR
650 _aBiology
_996941
906 _acontrol. ; disease ; Fungicides ; plant
942 _2ddc
_cBK
999 _c163079
_d163079